LEADER 01357nam a2200313 a 4500 001 000000138677 003 CaOOAMICUS 005 20140609102852.0 008 140609s2008 gw u000 u ger r 020 $a978-3-506-76507-9 040 $aPUL$bita 082 04$a303.3 100 1 $aKüppers, Arnd.$0(OLS)http://pul/name/86031 245 10$aGerechtigkeit in der modernen Arbeitsgesellschaft und Tarifautonomie /$cArnd Küppers. 260 $aPaderborn :$bF. Schöningh,$c2008. 300 $aXIV, 544 p. ;$c24 cm 490 1 $aAbhandlungen zur Sozialethik ;$vBd. 50 504 $aBibliografia: p. 491-542. 650 4$aGiustizia sociale.$0(OLS)http://pul/subject/19581 710 2 $aUniversität Augsburg.$0(OLS)http://pul/name/2445 830 0$aAbhandlungen zur Sozialethik ;$vBd. 50.$0(OLS)http://pul/title/3365 850 $aPUL 852 $aPUL$W1$xDP2 Diritto e Scienze Sociali 3$y110$m303. 3 KUPAR 1$j160066$qDDC 21$B159533$CPULBib$Z2$F159533 $H124164 $82 941 1 $a9 996 $6020$a978-3-506-76507-9$9(OLS)http://pul/number/155431 996 $6082$a303.3$9(OLS)http://pul/classification/1730 996 $6245$aGerechtigkeit in der modernen Arbeitsgesellschaft und Tarifautonomie$9(OLS)http://pul/title/175570 996 $6260$aPaderborn :$bF. Schöningh$9(OLS)http://pul/publisher/47993 LEADER 01394nam a2200337 a 4500 001 000000136128 003 CaOOAMICUS 005 20131113094258.0 008 131113s2013 it u000 u ita r 020 $a978-88-10-40837-7 040 $aPUL$bita 082 04$a230 100 1 $aPagazzi, Giovanni Cesare.$0(OLS)http://pul/name/66340 245 10$aFatte a mano :$bl'affetto di Cristo per le cose /$cGiovanni Cesare Pagazzi ; presentazione di Pierangelo Sequeri. 260 $aBologna :$bEDB,$c©2013. 300 $a128 p. ;$c22 cm 490 1 $aNuovi saggi teologici ;$v95 500 $aInclude indice. 504 $aBibliografia p. 111-122. 650 4$aFede$xCredo.$0(OLS)http://pul/subject/38799 700 1 $aSequeri, Pierangelo,$csacerdote,$d1944-$0(OLS)http://pul/name/26510 830 0$aNuovi saggi teologici ;$v95.$0(OLS)http://pul/title/131917 850 $aPUL 852 $aPUL$W1$xSL Religione 3$y85$m230 COLL 5.1.95$j156896$qDDC 21$B156302$CPULBib$Z2$F156302 $H123184 $82 941 1 $a9 983 0$aCollana Nuovi saggi teologici. 996 $6020$a978-88-10-40837-7$9(OLS)http://pul/number/153883 996 $6082$a230$9(OLS)http://pul/classification/368 996 $6245$aFatte a mano :$bl'affetto di Cristo per le cose$9(OLS)http://pul/title/172137 996 $6260$aBologna :$bEDB$9(OLS)http://pul/publisher/56073